| 000 | 01384cam a22003377a 4500 | ||
|---|---|---|---|
| 999 |
_c331835 _d331835 |
||
| 001 | 16770694 | ||
| 003 | NUST | ||
| 005 | 20171030114106.0 | ||
| 008 | 110509s2011 nyua b 001 0 eng | ||
| 010 | _a 2011420520 | ||
| 015 |
_aGBB089012 _2bnb |
||
| 016 | 7 |
_a015610748 _2Uk |
|
| 020 | _a9780071737104 (hbk.) | ||
| 020 | _a007173709X (hbk.) | ||
| 035 | _a(OCoLC)ocn651071078 | ||
| 040 |
_aUKM _cUKM _dYDXCP _dC#P _dSYB _dCDX _dDLC |
||
| 042 | _alccopycat | ||
| 050 | 0 | 0 |
_aTD758.5.N87 _bN87 2011 |
| 082 | 0 | 4 |
_a628 WEF _222 |
| 245 | 0 | 0 |
_aNutrient removal / _cprepared by the Nutrient Removal Task Force of the Water Environment Federation. |
| 260 |
_aNew York : _bMcGraw-Hill ; _aAlexandria, Va. : _bWEF Press, _cc2011. |
||
| 300 |
_axxxvi, 628 p. : _bill. ; _c25 cm. |
||
| 490 | 1 |
_aWEF manual of practice ; _vno. 34 |
|
| 500 | _aphotocopy | ||
| 504 | _aIncludes bibliographical references and index. | ||
| 650 | 0 |
_aSewage _xPurification _xNutrient removal. _95723 |
|
| 650 | 0 |
_aSewage _xPurification _xNitrogen removal. _95724 |
|
| 650 | 0 |
_aSewage _xPurification _xPhosphate removal. _95725 |
|
| 710 | 2 |
_aWater Environment Federation. _bNutrient Removal Task Force. _95726 |
|
| 830 | 0 |
_aManual of practice ; _vno. 34. _95727 |
|
| 906 |
_a7 _bcbc _ccopycat _d2 _encip _f20 _gy-gencatlg |
||
| 942 |
_2ddc _cBK _kIESE |
||